01165cam a22002054a 4500999001500000020002200015022001800037050001600055100003000071245007500101260005500176300002700231500005100258505046200309650002000771650002800791700002300819942000700842952011000849 c4538d4538 a0130191469 (pbk.) a978013019146500aGN502b.H141 aHall, Gordon C. Nagayama.10aMulticultural psychology /cGordon C. Nagayama Hall, Christy Barongan. aUpper Saddle River, N.J. :bPrentice Hall,cc2002. axiii, 349 p. ;c24 cm. aIncludes bibliographical references and index  aI. MULTICULTURAL ISSUES IN THE CONTEXT OF PSYCHOLOGY. 1. What Is Multicultural Psychology? 2. Multicultural Research and Assessment. 3. Theory and Multicultural Psychology: Biological and Social Psychology. 4. Theory and Multicultural Psychology: Developmental and Personality Psychology. II. PSYCHOLOGY IN THE CONTEXT OF MULTICULTURAL ISSUES. 5. African Americans. 6. Asian Pacific Americans. 7. Latino/a Americans. 8. American Indians. 9. Emerging Issues. 0aEthnopsychology 0aMinoritiesxPsychology.1 aBarongan, Christy. cBK 001040708REFaMUCGMbMUCGMcGENd2014-05-25l0oGN502 .H14p39524r2018-10-25 00:00:00w2018-10-25yBK